| 000 | 00439nam a2200181Ia 4500 | ||
|---|---|---|---|
| 001 | 4645 | ||
| 005 | 20260306145811.0 | ||
| 008 | 260306t2000||||xx |||||||||||||| ||spa|| | ||
| 041 | _aESP | ||
| 082 |
_a328.85 _bM12 T. 5 |
||
| 100 |
_aMacera, Pablo, _eAUT |
||
| 245 | 0 | _aParlamento y sociedad en el PerĂº. Bases documentales, siglo XIX | |
| 260 | _c2000 | ||
| 300 |
_a _c |
||
| 650 | _aGEN | ||
| 654 | _aCDE | ||
| 942 |
_cLIB _dJUS _fJUS _2ddc _n |
||
| 999 |
_c4645 _d4645 |
||